|
|
|
|
| LEADER |
00645nam a22001817a 4500 |
| 020 |
|
|
|a 9788182660847
|
| 082 |
|
|
|a M080 32
|b SAJ/D
|
| 245 |
|
|
|a Dhanushkodi muthal sahara vare/
|c by Saji Varghese (ed.)
|
| 250 |
|
|
|a 2nd.
|
| 260 |
|
|
|a Kozhikode:
|b Mathrubhumi Books,
|c 2014.
|
| 300 |
|
|
|a 185p.
|
| 650 |
|
|
|a Travelogue Malayalam
|9 173418
|
| 650 |
|
|
|a Literature Malayalam
|9 173419
|
| 650 |
|
|
|a Literature
|9 173420
|
| 700 |
|
|
|a Saji Varghese (ed.)
|9 173421
|
| 942 |
|
|
|c BK
|
| 999 |
|
|
|c 142432
|d 142432
|
| 952 |
|
|
|0 0
|1 0
|4 0
|6 M_080_320000000000000_SAJ_D
|7 0
|9 98652
|a SSUS
|b SSUS
|c STACKS
|d 2019-08-16
|g 140.00
|l 1
|o M080 32 SAJ/D
|p 095672
|r 2019-11-07
|s 2019-11-06
|w 2019-08-16
|y BK
|